000 00395nam a2200169Ia 4500
001 7031
003 IN-NITTTR
005 20251114233024.0
008 251113s9999||||xx |||||||||||||| ||eng||
040 _beng
040 _cIN-NITTTR
041 _aeng
082 _a500 S82S
100 _aStratton, Julius A.
245 0 _aScience and the Educated Man. /
_cStratton, Julius A.
942 _2ddc
_cBK
999 _c9669
_d9669